000 00553nam a2200205Ia 4500
005 20250923144337.0
008 008 250917s9999 xx 000 0 eng d
037 _aTextual
040 _aDSWL
_beng
_cDSWL
041 _aeng
_2eng
084 _aS1:526, H9
_qDSWL
100 _aZiman, Edmund
_9823891
245 0 _aJealousy in children
_cby Edmund Ziman
260 _aNew York
_b A.A. Wyn
_c1949
300 _a236 p.
365 _aUSD
_b2.75
925 _g2.75
942 _cTEXL
_hS1:526, H9
999 _c1437694
_d1437694